To possess a dream / (Record no. 4051)

MARC details
000 -LEADER
fixed length control field 00687nam a2200241 i 4500
001 - CONTROL NUMBER
control field 2708869
003 - CONTROL NUMBER IDENTIFIER
control field GBCCL
005 - DATE AND TIME OF LATEST TRANSACTION
control field 20241126110509.0
008 - FIXED-LENGTH DATA ELEMENTS--GENERAL INFORMATION
fixed length control field 780502s1977 tnu b 000 0 eng
010 ## -
-- 76057507
020 ## - INTERNATIONAL STANDARD BOOK NUMBER
International Standard Book Number 0805452532
040 ## - CATALOGING SOURCE
Original cataloging agency DLC
Transcribing agency DLC
Modifying agency DLC
050 00 -
-- BV4501.2
-- .I73
082 00 - DEWEY DECIMAL CLASSIFICATION NUMBER
Classification number 248.4861
Item number ISH
100 1# - MAIN ENTRY--PERSONAL NAME
Personal name Ishee, John A.
9 (RLIN) 7803
245 10 - TITLE STATEMENT
Title To possess a dream /
Statement of responsibility, etc. John A. Ishee.
260 ## - PUBLICATION, DISTRIBUTION, ETC.
Place of publication, distribution, etc. Nashville :
Name of publisher, distributor, etc. Broadman Press,
Date of publication, distribution, etc. c1977.
300 ## - PHYSICAL DESCRIPTION
Extent 127 p. ;
Dimensions 18 cm.
504 ## - BIBLIOGRAPHY, ETC. NOTE
Bibliography, etc. note Includes bibliographical references.
650 #0 - SUBJECT ADDED ENTRY--TOPICAL TERM
Topical term or geographic name entry element Christian life
General subdivision Baptist authors.
9 (RLIN) 223
906 ## - LOCAL DATA ELEMENT F, LDF (RLIN)
a 7
b cbc
c orignew
d 2
e ocip
f 19
g y-gencatlg
942 ## - ADDED ENTRY ELEMENTS (KOHA)
Source of classification or shelving scheme Dewey Decimal Classification
Koha item type Books
Koha issues (borrowed), all copies 1
Holdings
Withdrawn status Lost status Source of classification or shelving scheme Damaged status Not for loan Home library Current Library Shelving location Date acquired Total checkouts Full call number Barcode Date last seen Date last checked out Copy number Price effective from Koha item type
    Dewey Decimal Classification     GRACE BIBLE COLLEGE GRACE BIBLE COLLEGE Ministry & Mission 2018-01-10 1 248.4861 ISH 005036 2025-05-01 2018-05-14 c.1 2018-01-10 Books
© Grace Bible College Library 2025